=LDR 00000nam 2200000 4500 =001 INLIS000000000022521 =005 20130612121254 =008 ***********************************Ind** =035 ##$$0010-061300000022521 =041 ##$$a Ind =082 ##$$a 636 =090 ##$$a 636, Kus-b =100 ##$$a Kusumawati, Diah =245 ##$$a Bersahabat dengan hewan coba, Dr. drh. Diah Kusumawati, S.U =260 ##$$a 2004 $b Yogyakarta =300 ##$$a 121 hlm., ilus., 21 cm =650 ##$$a Hewan coba-penelitian =850 ##$$a NBPNMAT =990 ##$$a 0001/BPAP-NTB/2016 =990 ##$$a 0001/BPAP-NTB/2016